Statystyki dla 15 najbardziej dotkniętych krajów Covid-19 - 6 września

Kliknij tutaj aby rozwiązać quiz!

Ogólne statystyki

  • Ten quiz został rozwiązany 17 razy
  • Średni wynik to 10 z 23

Statystyki odpowiedzi

kraj% Poprawnych
Stany Zjednoczone
94%
Rosja
88%
Francja
82%
Hiszpania
82%
Brazylia
71%
Meksyk
59%
Wielka Brytania
59%
Indie
53%
Argentyna
47%
Kolumbia
47%
Chile
41%
Chile
41%
Republika
Południowej Afryki
41%
Peru
35%
Iran
29%
Armenia
18%
Izrael
18%
Oman
18%
Panama
18%
Bahrajn
12%
Bangladesz
12%
Katar
12%
Kuwejt
12%

Rozkład punktacji

Percentyl według liczby udzielonych odpowiedzi

Procent ludzi z każdym wynikiem

Twoja historia wyników

Nie rozwiązałeś tego quizu